Score 0/24 Timer 04:00
0 Plays Today
Famed Surnames One-Handed First Name % Correct
Donne, Kerry, LennonJohn
93.5%
Carter, Hoffa, PageJimmy
87%
Hope, Dylan, BarkerBob
83.5%
Ringwald, Pitcher, SimsMolly
80.5%
Basinger, Carnes, CattrallKim
76.4%
Maddux, Louganis, KinnearGreg
76.2%
Carey, Brees, PinskyDrew
76%
Armisen, Astaire, WillardFred
75.6%
Kennedy, Turner, DiBiaseTed
69.2%
Jobs, Coogan, MartinSteve
69.1%
Wilder, Joel, GrahamBilly
68.5%
Albee, Norton, AsnerEdward
67.6%
Famed Surnames One-Handed First Name % Correct
Messing, Monk, WingerDebra
64.6%
Farmiga, Wang, ZvonarevaVera
56.3%
Garbo, Scacchi, Van SusterenGreta
55.9%
Boxer, Bush, StanwyckBarbara
51.6%
Redgrave, Swann, FontanneLynn
37.8%
Thomas, Coulier, BrubeckDave
36.8%
Kelly, Park, SlickGrace
36.6%
Hunter, Willoughby, MadisonHolly
30.5%
Pound, Cornell, KoenigEzra
30.1%
Scott, Clayburgh, BidenJill
27.3%
Harrison, Stout, ReedRex
20.4%
Glass, Roth, LarkinPhilip
19.9%
Remove Ads.
Support Sporcle.
Get the best of Sporcle when you Go Orange. This ad-free experience offers more features, more stats, and more fun while also helping to support Sporcle. Thank you for becoming a member.

You're not logged in!

Compare scores with friends on all Sporcle quizzes.
OR
Log In

Sporcle TV

Today on Sporcle TV


Watch our educational content, quiz creation guides, and fun videos on Sporcle TV.

Show Comments

Extras

Top Quizzes Today


Score Distribution

Paid Content

Your Account Isn't Verified!

In order to create a playlist on Sporcle, you need to verify the email address you used during registration. Go to your Sporcle Settings to finish the process.

Report this User

Report this user for behavior that violates our Community Guidelines.

Details: